000 01056nam a2200313 i 4500
001 12320
003 KOSZ 005
005 20220117110617.0
008 080225s1965 pl a f 001 0 pol
015 _aPB 1965/5670
040 _aWA N
_cWA N
_dKOSZ 005/RW
_dKOSZ 005/HR
046 _k1965
080 _a621.31
100 1 _aBernas, Stefan
_d(1919-1983)
_eAutor
245 1 0 _aModele elektryczne układów elektroenergetycznych /
_cStefan Bernas.
260 _aWarszawa :
_bWydawnictwa Naukowo-Techniczne,
_c1965.
300 _a423 s. :
_bil., err. ;
_c25 cm.
380 _aKsiążki
388 _a1901-2000
388 _a1945-1989
504 _aBibliogr. s. 414-[420]. Indeks.
521 8 _aDla pracowników naukowych i inżynierów.
650 4 _aElektroenergetyka
650 4 _aUrządzenia
658 _aInżynieria i technika
710 2 _aWydawnictwa Naukowo-Techniczne
_4pbl.
856 _uhttp://koha.tu.koszalin.pl/cgi-bin/koha/opac-detail.pl?biblionumber=12320
_yKatalog online BPK
942 _2UKD
_cKS
999 _c12320
_d12320